[Event "23rd EUR-ch"]
[Site "Vrnjacka Banja SRB"]
[Date "2023.03.13"]
[Round "11.101"]
[White "Martic, Ivan"]
[Black "Celik, Hasan Huseyin"]
[Result "1/2-1/2"]
[WhiteElo "2274"]
[BlackElo "2420"]
[EventDate "2023.03.03"]
[PlyCount "78"]

1.c4 c6 2.d4 d5 3.Nf3 Nf6 4.Nc3 e6 5.e3 Nbd7 6.Qc2 Bd6 7.Bd3 O-O 8.O-O 
dxc4 9.Bxc4 b5 10.Be2 Bb7 11.e4 e5 12.dxe5 Nxe5 13.Nd4 Neg4 14.Nf5 Bxh2+ 
15.Kh1 Bb8 16.Bg5 Bc8 17.Bxg4 Qc7 18.g3 Nxg4 19.f3 Ne5 20.Rad1 f6 21.Bf4 
Qf7 22.b3 Ng6 23.Bxb8 Rxb8 24.Rd6 Ne5 25.Kg2 Bxf5 26.exf5 Rbd8 27.Rfd1 Qe7
28.Ne4 Rxd6 29.Rxd6 Rd8 30.Re6 Qf7 31.Nd6 Qc7 32.Nxb5 Qa5 33.Nd6 Qb4 34.
Ne4 h5 35.Qe2 Qd4 36.Re7 Rd7 37.Re8+ Kh7 38.Re6 Kg8 39.Re8+ Kh7 1/2-1/2

[Event "23rd EUR-ch"]
[Site "Vrnjacka Banja SRB"]
[Date "2023.03.13"]
[Round "11.102"]
[White "Gallana, Marco"]
[Black "Akbas, Umut Ata"]
[Result "0-1"]
[WhiteElo "2250"]
[BlackElo "2419"]
[EventDate "2023.03.03"]
[PlyCount "61"]

1.d4 Nf6 2.c4 e6 3.Nf3 d5 4.g3 Bb4+ 5.Bd2 Bd6 6.Bg2 O-O 7.O-O c6 8.Nc3 
Nbd7 9.Qb3 dxc4 10.Qxc4 e5 11.Rad1 Qe7 12.Qb3 Re8 13.Bg5 exd4 14.Nxd4 Nc5 
15.Qc4 a5 16.Nxc6 bxc6 17.Bxc6 Bb7 18.Bxf6 Qxf6 19.Bxb7 Nxb7 20.Qc6 Rab8 
21.Ne4 Rxe4 22.Qxe4 Bf8 23.b3 Nc5 24.Qd4 Qe6 25.Rfe1 Ne4 26.Qd5 Qe8 27.Qd7
Bb4 28.Rf1 Nc3 29.Qxe8+ Rxe8 30.Rd3 Nxe2+ 31.Kg2 0-1

[Event "23rd EUR-ch"]
[Site "Vrnjacka Banja SRB"]
[Date "2023.03.13"]
[Round "11.104"]
[White "Ben Ari, Yannay"]
[Black "Goriachkina, Oksana"]
[Result "1-0"]
[WhiteElo "2411"]
[BlackElo "1759"]
[EventDate "2023.03.03"]
[PlyCount "83"]

1.d4 d5 2.c4 c6 3.Nf3 Nf6 4.Nc3 e6 5.e3 Nbd7 6.Qc2 a6 7.b3 Bd6 8.Be2 O-O 
9.O-O Re8 10.Rd1 Qc7 11.Bb2 b6 12.e4 dxe4 13.Nxe4 Nxe4 14.Qxe4 Nf6 15.Qc2 
Bb7 16.c5 bxc5 17.dxc5 Be7 18.Be5 Qc8 19.Ng5 h6 20.Ne4 Nxe4 21.Qxe4 Rd8 
22.Qg4 Bf8 23.Rxd8 Qxd8 24.Qb4 Qd5 25.Bg3 Bc8 26.Rc1 a5 27.Qc3 Bb7 28.h4 
Qf5 29.Bf3 g5 30.hxg5 Bg7 31.Qd2 Qxg5 32.Bf4 Qf6 33.Rd1 e5 34.Be3 Rc8 35.
Qd7 Ba6 36.Rd6 Qh4 37.Be2 Bxe2 38.Qxc8+ Kh7 39.Qf5+ Kg8 40.g3 Qb4 41.Rd8+ 
Bf8 42.Bxh6 1-0

[Event "23rd EUR-ch"]
[Site "Vrnjacka Banja SRB"]
[Date "2023.03.13"]
[Round "11.105"]
[White "Reshef, Omer"]
[Black "Mitrovic, Marjan"]
[Result "1-0"]
[WhiteElo "2492"]
[BlackElo "2208"]
[EventDate "2023.03.03"]
[PlyCount "51"]

1.e4 e5 2.Nf3 Nc6 3.Bc4 Nf6 4.d3 Bc5 5.Nc3 d6 6.Be3 Bxe3 7.fxe3 Na5 8.Bb3 
Nxb3 9.axb3 c6 10.O-O Qe7 11.Qe1 d5 12.exd5 Nxd5 13.Nxd5 cxd5 14.Qa5 e4 
15.dxe4 dxe4 16.Qb5+ Qd7 17.Qe5+ Qe7 18.Qxg7 Rf8 19.Nd4 Bd7 20.Qxh7 O-O-O 
21.Rxa7 Kb8 22.Raa1 Bc6 23.Qf5 Rg8 24.Qf4+ Qd6 25.Qxd6+ Rxd6 26.Rxf7 1-0

[Event "23rd EUR-ch"]
[Site "Vrnjacka Banja SRB"]
[Date "2023.03.13"]
[Round "11.106"]
[White "Van Foreest, Machteld"]
[Black "Gorshtein, Ido"]
[Result "0-1"]
[WhiteElo "2341"]
[BlackElo "2498"]
[EventDate "2023.03.03"]
[PlyCount "98"]

1.e4 c5 2.Nf3 d6 3.Bb5+ Nd7 4.a4 Nf6 5.Nc3 a6 6.Be2 b6 7.O-O Bb7 8.d3 g6 
9.Nd2 Bg7 10.f4 O-O 11.Nf3 Qb8 12.Qe1 b5 13.Kh1 b4 14.Nd1 e6 15.Ne3 a5 16.
Qh4 Qd8 17.Nc4 d5 18.Nd6 dxe4 19.Nxb7 Qc7 20.dxe4 Nxe4 21.Bd3 Nef6 22.Nxa5
Rxa5 23.Nd2 Nb6 24.Bb5 c4 25.f5 exf5 26.Bxc4 g5 27.Qg3 Qxg3 28.hxg3 Nh5 
29.Re1 Nxc4 30.Nxc4 Rc5 31.Nd2 Nxg3+ 32.Kh2 f4 33.a5 g4 34.Nb3 Rh5+ 35.Kg1
Rh1+ 36.Kf2 Rxe1 37.Kxe1 Re8+ 38.Kd2 Rd8+ 39.Ke1 Re8+ 40.Kd2 f3 41.gxf3 
gxf3 42.Kd3 f2 43.Nd2 Bh6 44.a6 Ra8 45.Nf1 Nxf1 46.Ke2 Ng3+ 47.Kxf2 Bxc1 
48.Rxc1 Ne4+ 49.Ke3 Nc5 0-1

[Event "23rd EUR-ch"]
[Site "Vrnjacka Banja SRB"]
[Date "2023.03.13"]
[Round "11.107"]
[White "Velikic, Adela"]
[Black "Kraus, Tomas"]
[Result "1-0"]
[WhiteElo "2329"]
[BlackElo "2486"]
[EventDate "2023.03.03"]
[PlyCount "59"]

1.d4 d5 2.c4 e6 3.Nf3 dxc4 4.e3 b5 5.a4 c6 6.Nc3 Bb4 7.Bd2 a5 8.axb5 Bxc3 
9.Bxc3 cxb5 10.b3 Bb7 11.bxc4 b4 12.Bb2 Nf6 13.Bd3 O-O 14.O-O Nbd7 15.Nd2 
Qc7 16.Bc2 e5 17.d5 Nb6 18.Rc1 Nfd7 19.f4 Rad8 20.Rf3 f5 21.fxe5 Nxe5 22.
Rxf5 Nbd7 23.Nf3 Nxc4 24.Rxf8+ Rxf8 25.Qd4 Ndb6 26.d6 Qd7 27.Bb3 Bd5 28.
Bxc4 Bxc4 29.Qxb6 Qg4 30.Qd4 1-0

[Event "23rd EUR-ch"]
[Site "Vrnjacka Banja SRB"]
[Date "2023.03.13"]
[Round "11.108"]
[White "Alexakis, Dimitris"]
[Black "Atakishiyev, Elmar"]
[Result "0-1"]
[WhiteElo "2472"]
[BlackElo "2344"]
[EventDate "2023.03.03"]
[PlyCount "62"]

1.e4 c5 2.Nf3 d6 3.d4 cxd4 4.Nxd4 Nf6 5.Nc3 a6 6.h3 e5 7.Nde2 h5 8.g3 b5 
9.Bg2 Nbd7 10.O-O Be7 11.a4 b4 12.Nd5 a5 13.c3 Nxd5 14.exd5 Ba6 15.cxb4 
axb4 16.Be3 h4 17.Qd2 O-O 18.g4 Nc5 19.Bxc5 dxc5 20.d6 Bg5 21.f4 exf4 22.
Nxf4 Bxf1 23.Rxf1 Ra6 24.Rd1 Qf6 25.Nd5 Bxd2 26.Nxf6+ gxf6 27.Rxd2 Rd8 28.
d7 Kf8 29.Be4 Rxa4 30.Kf2 Ra2 31.Bb1 Rxd7 0-1

[Event "23rd EUR-ch"]
[Site "Vrnjacka Banja SRB"]
[Date "2023.03.13"]
[Round "11.109"]
[White "Firat, Burak"]
[Black "Sahakian, Aleks"]
[Result "1/2-1/2"]
[WhiteElo "2471"]
[BlackElo "2343"]
[EventDate "2023.03.03"]
[PlyCount "81"]

1.c4 e6 2.Nf3 d5 3.g3 dxc4 4.Bg2 a6 5.O-O Nf6 6.a4 Nc6 7.a5 Nb4 8.b3 cxb3 
9.Qxb3 c5 10.Rd1 Nc6 11.Bb2 Be7 12.d4 O-O 13.dxc5 Nd7 14.Ne5 Nxc5 15.Qc2 
Nb4 16.Qc1 Qe8 17.Nd2 Rb8 18.Ba3 Nd7 19.Qc7 Nd5 20.Bxd5 Bxa3 21.Rxa3 exd5 
22.Ndf3 Ra8 23.Re3 Nxe5 24.Rxe5 Qd8 25.Qxd8 Rxd8 26.Rexd5 Rxd5 27.Rxd5 Be6
28.Rd6 Kf8 29.Nd4 Re8 30.Nxe6+ Rxe6 31.Rd2 Ke8 32.f4 Re7 33.Kf2 Rd7 34.Rb2
Kd8 35.e4 Kc7 36.Ke3 Rd1 37.Rc2+ Kd6 38.e5+ Kd7 39.Rb2 Kc6 40.Rc2+ Kd7 41.
Rb2 1/2-1/2

[Event "23rd EUR-ch"]
[Site "Vrnjacka Banja SRB"]
[Date "2023.03.13"]
[Round "11.110"]
[White "Kurmann, Oliver"]
[Black "Adan Bermudez, Sergio"]
[Result "1-0"]
[WhiteElo "2464"]
[BlackElo "2338"]
[EventDate "2023.03.03"]
[PlyCount "97"]

1.e4 c5 2.Nf3 Nc6 3.Nc3 g6 4.d4 cxd4 5.Nxd4 Bg7 6.Be3 Nf6 7.Nxc6 bxc6 8.e5
Ng8 9.Bd4 Qa5 10.f4 f6 11.Bc4 fxe5 12.fxe5 Bxe5 13.Qd3 Nf6 14.O-O-O Bxd4 
15.Qxd4 Qg5+ 16.Kb1 d5 17.Qc5 Bd7 18.h4 Qf4 19.Rde1 O-O 20.Nxd5 cxd5 21.
Bxd5+ e6 22.Bxa8 Rxa8 23.h5 gxh5 24.Rhf1 Ne4 25.Rxf4 Nxc5 26.Re5 Na4 27.
Rg5+ Kh8 28.Rxh5 Rg8 29.Rf7 Rxg2 30.Rfxh7+ Kg8 31.a3 Nb6 32.b3 Rf2 33.a4 
Rf5 34.c4 Rxh5 35.Rxh5 Kf8 36.Kb2 Ke7 37.Kc3 Nc8 38.a5 a6 39.b4 Na7 40.Rh8
Nc8 41.b5 Kd6 42.Kb4 axb5 43.cxb5 Na7 44.b6 Nc6+ 45.Kb5 Nb8+ 46.Kc4 Na6 
47.Rd8 Nc5 48.Rxd7+ Nxd7 49.Kb5 1-0

[Event "23rd EUR-ch"]
[Site "Vrnjacka Banja SRB"]
[Date "2023.03.13"]
[Round "11.111"]
[White "Isik, Alparslan"]
[Black "Burcu, Cagatay"]
[Result "1/2-1/2"]
[WhiteElo "2462"]
[BlackElo "2331"]
[EventDate "2023.03.03"]
[PlyCount "66"]

1.d4 d5 2.c4 c6 3.Nf3 Nf6 4.e3 e6 5.Nbd2 Nbd7 6.Bd3 Be7 7.O-O O-O 8.e4 
dxe4 9.Nxe4 c5 10.Be3 b6 11.Qc2 Bb7 12.Rad1 Qc7 13.dxc5 bxc5 14.Bg5 h6 15.
Bh4 Rfd8 16.Rfe1 Kf8 17.Bg3 Qc6 18.Nc3 Nb6 19.Bf1 Rxd1 20.Rxd1 Rd8 21.
Rxd8+ Bxd8 22.Ne5 Qe8 23.Nb5 Be7 24.Qd3 Nc8 25.Qb3 Be4 26.f3 Bf5 27.Nc7 
Qd8 28.Nc6 Qd7 29.Qb7 Ne8 30.Nb8 Qd4+ 31.Bf2 Ncd6 32.Qb3 Qd2 33.Bxc5 Bf6 
1/2-1/2

[Event "23rd EUR-ch"]
[Site "Vrnjacka Banja SRB"]
[Date "2023.03.13"]
[Round "11.112"]
[White "Sukovic, Andrej"]
[Black "Vogel, Roven"]
[Result "1/2-1/2"]
[WhiteElo "2322"]
[BlackElo "2462"]
[EventDate "2023.03.03"]
[PlyCount "45"]

1.e4 e5 2.Nf3 Nc6 3.Bb5 a6 4.Ba4 Nf6 5.O-O Be7 6.Re1 b5 7.Bb3 O-O 8.c3 d5 
9.exd5 Nxd5 10.Nxe5 Nxe5 11.Rxe5 c6 12.d3 Bd6 13.Re1 Bf5 14.Qf3 Re8 15.
Rxe8+ Qxe8 16.Nd2 Qe1+ 17.Nf1 Bg6 18.g3 b4 19.c4 Nf6 20.Qxc6 Rd8 21.Qb6 
Rd7 22.Bc2 Ng4 23.Rb1 1/2-1/2

[Event "23rd EUR-ch"]
[Site "Vrnjacka Banja SRB"]
[Date "2023.03.13"]
[Round "11.113"]
[White "Gorodetzky, Matan"]
[Black "Stalmach, Richard"]
[Result "0-1"]
[WhiteElo "2319"]
[BlackElo "2436"]
[EventDate "2023.03.03"]
[PlyCount "94"]

1.e4 c5 2.Nf3 d6 3.Bb5+ Nd7 4.O-O Nf6 5.Re1 a6 6.Bf1 b5 7.c4 b4 8.a3 bxa3 
9.Rxa3 Bb7 10.d4 cxd4 11.Qxd4 e5 12.Qd1 Bxe4 13.Nc3 Bxf3 14.Qxf3 Be7 15.g4
O-O 16.g5 Ne8 17.Qh5 d5 18.Nxd5 Bxa3 19.bxa3 Nc7 20.Bg2 Rb8 21.Bd2 Nxd5 
22.Bxd5 Nb6 23.Ba5 Qd7 24.Bxb6 Rxb6 25.Rxe5 Qd6 26.Re3 Qf4 27.Kg2 g6 28.
Rf3 gxh5 29.Rxf4 Rb3 30.a4 Rb4 31.a5 Kg7 32.Rf6 h6 33.Rxa6 hxg5 34.Rb6 Ra4
35.Rb5 Rd8 36.Kf3 Rd7 37.Ke4 Ra7 38.Kf5 R4xa5 39.Kxg5 Ra2 40.f4 Rxh2 41.
Rb6 Rh3 42.Rb2 Rg3+ 43.Kh4 Raa3 44.Rb7 Kh6 45.Rb6+ Rg6 46.c5 f6 47.Be6 Rg2
0-1

[Event "23rd EUR-ch"]
[Site "Vrnjacka Banja SRB"]
[Date "2023.03.13"]
[Round "11.114"]
[White "Seemann, Jakub"]
[Black "Yurtseven, Melih"]
[Result "1-0"]
[WhiteElo "2424"]
[BlackElo "2327"]
[EventDate "2023.03.03"]
[PlyCount "69"]

1.d4 Nf6 2.c4 g6 3.g3 c6 4.Bg2 d5 5.e3 Bg7 6.Ne2 O-O 7.O-O Bf5 8.Nbc3 Qd7 
9.Nf4 dxc4 10.e4 Bg4 11.f3 Be6 12.Nxe6 Qxe6 13.f4 Na6 14.e5 Nd5 15.f5 gxf5
16.Bh3 Qd7 17.Rxf5 e6 18.Nxd5 Qxd5 19.Rg5 c5 20.Be3 Qe4 21.Qe1 Qc2 22.Qf1 
Kh8 23.dxc5 f5 24.exf6 Bxf6 25.Qf4 Rad8 26.Rf1 Qxb2 27.Rh5 Qc2 28.Bxe6 Rd1
29.Rxh7+ Qxh7 30.Rxd1 c3 31.Rd8 Qg7 32.Rxf8+ Qxf8 33.Qf5 Qg7 34.Qh5+ Qh7 
35.Qe8+ 1-0

[Event "23rd EUR-ch"]
[Site "Vrnjacka Banja SRB"]
[Date "2023.03.13"]
[Round "11.115"]
[White "Tekeev, Zaur"]
[Black "Skvortsov, Andrei"]
[Result "1-0"]
[WhiteElo "2415"]
[BlackElo "2298"]
[EventDate "2023.03.03"]
[PlyCount "79"]

1.e4 e5 2.Nf3 Nf6 3.Nxe5 d6 4.Nf3 Nxe4 5.Nc3 Nf6 6.d4 Be7 7.Bd3 O-O 8.O-O 
Re8 9.h3 d5 10.Bf4 c6 11.Ne2 Ne4 12.Ng3 f5 13.c4 Be6 14.cxd5 cxd5 15.Qb3 
Nxg3 16.Bxg3 Qb6 17.Qc2 g6 18.Bc7 Qc6 19.Qe2 a6 20.Rac1 Qd7 21.Ne5 Qa4 22.
Nxg6 Bg5 23.Nf4 Bf7 24.Qf3 Qxd4 25.Bxf5 Nc6 26.Qg4 Qg7 27.Rcd1 Ne5 28.Bxe5
Rxe5 29.Ne6 h5 30.Qxg5 Qxg5 31.Nxg5 Rxf5 32.Nf3 Rc8 33.Rc1 Rc4 34.Rfd1 Ra4
35.a3 Rc4 36.b3 Rxc1 37.Rxc1 Rf6 38.Rc8+ Kg7 39.Rc7 Rc6 40.Rxb7 1-0

[Event "23rd EUR-ch"]
[Site "Vrnjacka Banja SRB"]
[Date "2023.03.13"]
[Round "11.116"]
[White "Panic, Nenad"]
[Black "Neverov, Valeriy"]
[Result "0-1"]
[WhiteElo "2295"]
[BlackElo "2414"]
[EventDate "2023.03.03"]
[PlyCount "30"]

1.b3 Nf6 2.Bb2 e6 3.e3 b6 4.Nf3 Bb7 5.Be2 d5 6.O-O Nbd7 7.d4 Bd6 8.Ne5 O-O
9.Nd2 c5 10.Nxd7 Qxd7 11.dxc5 bxc5 12.Bxf6 gxf6 13.Bd3 f5 14.c4 Kh8 15.
cxd5 Rg8 0-1

[Event "23rd EUR-ch"]
[Site "Vrnjacka Banja SRB"]
[Date "2023.03.13"]
[Round "11.117"]
[White "Baenziger, Fabian"]
[Black "Ozsac, Samet Harun"]
[Result "1-0"]
[WhiteElo "2413"]
[BlackElo "2293"]
[EventDate "2023.03.03"]
[PlyCount "83"]

1.d4 Nf6 2.c4 g6 3.Nc3 Bg7 4.e4 d6 5.Nf3 Bg4 6.Be2 O-O 7.Be3 Nfd7 8.Qd2 
Bxf3 9.Bxf3 e5 10.d5 a5 11.h4 f5 12.Qe2 f4 13.Bd2 Na6 14.h5 Nb4 15.O-O-O 
Nc5 16.Be1 c6 17.Kb1 a4 18.hxg6 hxg6 19.Bg4 a3 20.Nb5 Nxa2 21.b4 Nxb4 22.
Bxb4 cxb5 23.Bxc5 Rf6 24.Be6+ Kf8 25.Bb4 Ra4 26.Qd2 bxc4 27.Ka2 b5 28.Rb1 
Qb6 29.Bd7 c3 30.Bxc3 Rxe4 31.Bxb5 Qc5 32.f3 Rd4 33.Bxd4 Qxd5+ 34.Rb3 exd4
35.Rc1 Rf5 36.Rc8+ Ke7 37.Bc4 Qe5 38.Bd3 Rg5 39.Rb7+ Kf6 40.Rcc7 Qe6+ 41.
Bc4 d5 42.Qxd4+ 1-0

[Event "23rd EUR-ch"]
[Site "Vrnjacka Banja SRB"]
[Date "2023.03.13"]
[Round "11.118"]
[White "Iliaguev, Nisim"]
[Black "Kristoferitsch, Daniel"]
[Result "1-0"]
[WhiteElo "2412"]
[BlackElo "2282"]
[EventDate "2023.03.03"]
[PlyCount "81"]

1.d4 Nf6 2.c4 e6 3.g3 d5 4.Bg2 Bb4+ 5.Bd2 Bd6 6.Nf3 c6 7.O-O O-O 8.Nc3 b6 
9.Qc2 Bb7 10.e4 Nxe4 11.Nxe4 dxe4 12.Qxe4 Nd7 13.Bc3 Nf6 14.Qc2 Qc7 15.
Rad1 Rfe8 16.Rfe1 Rad8 17.b3 c5 18.d5 e5 19.Re2 Nd7 20.Ng5 Nf8 21.Rde1 Re7
22.Ne4 Rde8 23.Qb2 f6 24.Bh3 Ng6 25.Bf5 Bc8 26.Bxc8 Rxc8 27.h4 Rce8 28.h5 
Nf8 29.h6 Nd7 30.hxg7 Rxg7 31.Re3 Rf8 32.Rf3 Rg6 33.Kg2 Be7 34.Rf5 Nb8 35.
Qe2 Bd6 36.Rh1 Qd8 37.Qh5 Rf7 38.Qf3 Rf8 39.Rfh5 Rg7 40.Qf5 Rff7 41.Rxh7 
1-0

[Event "23rd EUR-ch"]
[Site "Vrnjacka Banja SRB"]
[Date "2023.03.13"]
[Round "11.120"]
[White "Rahmanidis, Petros"]
[Black "Kalogeris, Ioannis"]
[Result "0-1"]
[WhiteElo "2278"]
[BlackElo "2409"]
[EventDate "2023.03.03"]
[PlyCount "88"]

1.e4 c6 2.d4 d5 3.exd5 cxd5 4.Bd3 Nf6 5.h3 Nc6 6.c3 Ne4 7.Nd2 f5 8.Ndf3 e6
9.Bf4 g5 10.Bh2 Bg7 11.Ne5 h5 12.Nxc6 bxc6 13.Nf3 g4 14.Ne5 a5 15.Bf4 Ba6 
16.Bxa6 Rxa6 17.Qe2 Rb6 18.hxg4 hxg4 19.O-O-O Rxh1 20.Rxh1 Qe7 21.Qc2 Bxe5
22.Bxe5 Qg5+ 23.Kb1 Nd2+ 24.Ka1 Nc4 25.b3 Nxe5 26.dxe5 Qf4 27.Qe2 Kf7 28.
g3 Qe4 29.Qxe4 dxe4 30.c4 Kg6 31.Rh8 Rb7 32.Kb2 Rd7 33.Kc2 c5 34.Rf8 Rd3 
35.Rf6+ Kg7 36.Rxe6 Rf3 37.Re8 Rxf2+ 38.Kd1 Kg6 39.Rf8 Kg7 40.Rc8 f4 41.
Ke1 fxg3 42.e6 e3 43.e7 g2 44.Rg8+ Kf6 0-1

[Event "23rd EUR-ch"]
[Site "Vrnjacka Banja SRB"]
[Date "2023.03.13"]
[Round "11.121"]
[White "Czerw, Dawid"]
[Black "Savicevic, Vlatko"]
[Result "1-0"]
[WhiteElo "2404"]
[BlackElo "2268"]
[EventDate "2023.03.03"]
[PlyCount "51"]

1.e4 d6 2.d4 Nf6 3.Nc3 g6 4.f4 Bg7 5.Nf3 O-O 6.Bd3 Nc6 7.O-O Bg4 8.e5 Bxf3
9.Rxf3 dxe5 10.dxe5 Ng4 11.Qe1 Nd4 12.Rf1 f6 13.h3 Nh6 14.Qe4 fxe5 15.fxe5
Rxf1+ 16.Bxf1 Kh8 17.Bf4 c5 18.Nd1 Nc6 19.c3 Nf7 20.e6 Nfe5 21.Ne3 Qg8 22.
Nc4 Nxc4 23.Bxc4 Rf8 24.Bd5 Rf5 25.g4 Rf8 26.Bd6 1-0

[Event "23rd EUR-ch"]
[Site "Vrnjacka Banja SRB"]
[Date "2023.03.13"]
[Round "11.122"]
[White "Pastar, Slaven"]
[Black "Goroskov, Maksim"]
[Result "1/2-1/2"]
[WhiteElo "2401"]
[BlackElo "2265"]
[EventDate "2023.03.03"]
[PlyCount "120"]

1.Nf3 Nf6 2.g3 d5 3.Bg2 c5 4.c4 Nc6 5.O-O d4 6.d3 e5 7.e3 Bd6 8.exd4 cxd4 
9.Bg5 O-O 10.a3 h6 11.Bxf6 Qxf6 12.b4 Bf5 13.Ne1 Rae8 14.Nd2 Qg6 15.Ne4 
Bxe4 16.Bxe4 f5 17.Bd5+ Kh8 18.Ra2 Re7 19.Ng2 Qf6 20.Re1 Rfe8 21.Rae2 g5 
22.f3 a6 23.Qb3 h5 24.Rf1 Rf8 25.Ne1 h4 26.Qd1 hxg3 27.hxg3 Rh7 28.Rh2 
Rxh2 29.Kxh2 Kg7 30.Kg2 Rh8 31.Nc2 Ne7 32.Bxb7 e4 33.fxe4 Bxg3 34.Rh1 Rxh1
35.Qxh1 fxe4 36.Kxg3 Qf4+ 37.Kg2 Qf3+ 38.Kh2 Qh5+ 39.Kg2 Qe2+ 40.Kh3 Qh5+ 
41.Kg2 Qf3+ 42.Kh2 Qf4+ 43.Kg1 Qc1+ 44.Kh2 Qxc2+ 45.Kh3 Qxd3+ 46.Kg4 Ng8 
47.Bxe4 Nf6+ 48.Kf5 Qg3 49.Bb1 Qg4+ 50.Ke5 Qd7 51.Qg1 Ng4+ 52.Ke4 Nf6+ 53.
Kd3 g4 54.Qf2 a5 55.Bc2 axb4 56.axb4 Qd6 57.c5 Qd5 58.Qxd4 g3 59.Qxd5 Nxd5
60.Ke2 Nxb4 1/2-1/2

[Event "23rd EUR-ch"]
[Site "Vrnjacka Banja SRB"]
[Date "2023.03.13"]
[Round "11.123"]
[White "Sredojevic, Ivan"]
[Black "Ibadov, Dashgyn"]
[Result "1/2-1/2"]
[WhiteElo "2255"]
[BlackElo "2398"]
[EventDate "2023.03.03"]
[PlyCount "52"]

1.e4 e5 2.Nf3 Nc6 3.d4 exd4 4.Nxd4 Nf6 5.Nxc6 bxc6 6.Bd3 d5 7.exd5 cxd5 8.
O-O Be7 9.h3 O-O 10.Nd2 c5 11.c3 Qb6 12.Nf3 Bb7 13.Be3 Ne4 14.Qc2 Bf6 15.
Nd2 Nxd2 16.Bxd2 g6 17.Rfe1 a5 18.c4 a4 19.Rab1 Rfd8 20.Be3 Qc6 21.cxd5 
Qxd5 22.Bf1 Bd4 23.b4 axb3 24.axb3 Ra3 25.Bc1 Ra6 26.Be3 Ra3 1/2-1/2

[Event "23rd EUR-ch"]
[Site "Vrnjacka Banja SRB"]
[Date "2023.03.13"]
[Round "11.124"]
[White "Pacher, Milan"]
[Black "Stojanovic, Andjelija"]
[Result "1/2-1/2"]
[WhiteElo "2392"]
[BlackElo "2262"]
[EventDate "2023.03.03"]
[PlyCount "29"]

1.e4 c5 2.Nf3 Nc6 3.d4 cxd4 4.Nxd4 g6 5.Nc3 Bg7 6.Be3 Nf6 7.Nxc6 bxc6 8.e5
Nd5 9.Nxd5 cxd5 10.Qxd5 Rb8 11.O-O-O Qc7 12.Bc4 O-O 13.Bb3 Bxe5 14.h4 d6 
15.Kb1 1/2-1/2

[Event "23rd EUR-ch"]
[Site "Vrnjacka Banja SRB"]
[Date "2023.03.13"]
[Round "11.125"]
[White "Taspinar, Yanki"]
[Black "Makridis, Dimitrios"]
[Result "1/2-1/2"]
[WhiteElo "2262"]
[BlackElo "2387"]
[EventDate "2023.03.03"]
[PlyCount "64"]

1.d4 Nf6 2.c4 e6 3.Nf3 d5 4.Nc3 h6 5.Bf4 Bd6 6.Bxd6 Qxd6 7.e3 O-O 8.Rc1 
Qe7 9.cxd5 exd5 10.Bd3 c6 11.O-O Bg4 12.h3 Bxf3 13.Qxf3 Nbd7 14.Rfe1 Rfe8 
15.Bb1 Qd6 16.Qd1 Re7 17.Qd3 Rae8 18.Re2 g6 19.Rce1 Ne4 20.Nxe4 dxe4 21.
Qc3 Nf6 22.Qa5 a6 23.a3 Nh7 24.Rd2 Qf6 25.Ba2 Ng5 26.Rc1 Kg7 27.Rc5 Rd7 
28.Qc3 Ne6 29.Re5 Nc7 30.Qb4 Qd6 31.Rc5 Red8 32.Rdc2 Qe7 1/2-1/2

[Event "23rd EUR-ch"]
[Site "Vrnjacka Banja SRB"]
[Date "2023.03.13"]
[Round "11.126"]
[White "Megalios, Konstantinos"]
[Black "Garsky, Vladyslav"]
[Result "1/2-1/2"]
[WhiteElo "2382"]
[BlackElo "2253"]
[EventDate "2023.03.03"]
[PlyCount "39"]

1.Nf3 d5 2.g3 Nf6 3.Bg2 c5 4.O-O Nc6 5.d4 cxd4 6.Nxd4 e5 7.Nxc6 bxc6 8.c4 
Be6 9.Qa4 Qd7 10.Rd1 Rc8 11.Bg5 Be7 12.Bxf6 Bxf6 13.cxd5 cxd5 14.Qxd7+ 
Kxd7 15.Bxd5 Bxd5 16.e4 Ke7 17.exd5 Rc2 18.b3 Rd8 19.Na3 Rc5 20.d6+ 
1/2-1/2

[Event "23rd EUR-ch"]
[Site "Vrnjacka Banja SRB"]
[Date "2023.03.13"]
[Round "11.127"]
[White "Pasti, Aron"]
[Black "Pajcin, Lav"]
[Result "1-0"]
[WhiteElo "2378"]
[BlackElo "2221"]
[EventDate "2023.03.03"]
[PlyCount "113"]

1.e4 c5 2.Nf3 g6 3.c4 Nc6 4.d4 cxd4 5.Nxd4 Bg7 6.Be3 Qb6 7.Nb3 Qd8 8.Nd4 
Qb6 9.Nb3 Qd8 10.Qd2 Nf6 11.f3 O-O 12.Be2 d6 13.O-O a5 14.a4 b6 15.Nc3 Nd7
16.f4 Nc5 17.Nxc5 dxc5 18.Qc1 Bd4 19.Bxd4 cxd4 20.Nb5 d3 21.Bf3 e5 22.Rd1 
Ba6 23.Qc3 Qe7 24.Rxd3 exf4 25.Rd5 Nb4 26.Rdd1 Rad8 27.e5 Qc5+ 28.Kh1 
Rxd1+ 29.Rxd1 Bc8 30.Nd6 Be6 31.Rc1 Qf2 32.Rd1 Rd8 33.b3 Nc2 34.Qb2 Bf5 
35.Bd5 Qe2 36.Rc1 Bd3 37.Bxf7+ Kf8 38.Bd5 Ke7 39.Bf3 Qe3 40.Rd1 Nb4 41.Qa1
Qf2 42.Nb7 Rd4 43.Nd6 Nc2 44.Qc1 Qe3 45.Nc8+ Kf8 46.Nxb6 Bf5 47.Nd5 Qxb3 
48.c5 Rc4 49.Qd2 Rd4 50.Qe2 Bd3 51.Qf2 Rxd5 52.Bxd5 Qxd5 53.Qxc2 Bxc2 54.
Rxd5 Bxa4 55.Rd4 Bc6 56.Rxf4+ Ke7 57.Rf6 1-0

[Event "23rd EUR-ch"]
[Site "Vrnjacka Banja SRB"]
[Date "2023.03.13"]
[Round "11.128"]
[White "Cox, Tristan"]
[Black "Bournel, Antoine"]
[Result "0-1"]
[WhiteElo "1975"]
[BlackElo "2377"]
[EventDate "2023.03.03"]
[PlyCount "60"]

1.Nf3 d5 2.d4 Nf6 3.c4 e6 4.Nc3 Bb4 5.Qa4+ Nc6 6.a3 Bxc3+ 7.bxc3 Ne4 8.e3 
Nxc3 9.Qc2 Ne4 10.Bd3 f5 11.O-O O-O 12.Rb1 Rf6 13.cxd5 exd5 14.a4 Ne7 15.
Ne5 Ng6 16.Rb3 Nxe5 17.dxe5 Rc6 18.Qa2 Nc5 19.Bb5 Rg6 20.Rb4 Be6 21.Ba3 
Ne4 22.Rc1 c5 23.Rbb1 c4 24.f3 Ng5 25.f4 Ne4 26.a5 Qxa5 27.Rb4 a6 28.Ba4 
b5 29.Bd1 Qb6 30.Qe2 d4 0-1

[Event "23rd EUR-ch"]
[Site "Vrnjacka Banja SRB"]
[Date "2023.03.13"]
[Round "11.129"]
[White "Uskov, Artem"]
[Black "Maksimovic, Branimir"]
[Result "1/2-1/2"]
[WhiteElo "2373"]
[BlackElo "2128"]
[EventDate "2023.03.03"]
[PlyCount "36"]

1.e4 e6 2.d4 d5 3.Nc3 Nf6 4.e5 Nfd7 5.f4 c5 6.Nf3 Nc6 7.Be3 cxd4 8.Nxd4 
Qb6 9.Qd2 Qxb2 10.Rb1 Qa3 11.Bb5 Nxd4 12.Bxd4 a6 13.Bxd7+ Bxd7 14.Rb3 Qe7 
15.Rxb7 Rc8 16.O-O Qd8 17.Rfb1 Bc5 18.Ne2 O-O 1/2-1/2

[Event "23rd EUR-ch"]
[Site "Vrnjacka Banja SRB"]
[Date "2023.03.13"]
[Round "11.130"]
[White "Schekachikhin, Maksim"]
[Black "Farkas, Sandor"]
[Result "1-0"]
[WhiteElo "2367"]
[BlackElo "2064"]
[EventDate "2023.03.03"]
[PlyCount "67"]

1.c4 Nf6 2.Nc3 g6 3.d4 Bg7 4.e4 d6 5.Be2 O-O 6.Nf3 e5 7.Be3 Ng4 8.Bg5 f6 
9.Bh4 g5 10.Bg3 Nh6 11.h3 Nc6 12.d5 Ne7 13.Bh2 Ng6 14.g4 Nf4 15.Bg3 a5 16.
Qd2 a4 17.O-O-O a3 18.b3 Nf7 19.Ne1 c6 20.Nc2 Bd7 21.Kb1 Qa5 22.Bf1 Rfb8 
23.f3 Qc7 24.Ne3 b5 25.dxc6 bxc4 26.Bxc4 Be6 27.Ncd5 Bxd5 28.Nxd5 Nxd5 29.
Qxd5 Bf8 30.h4 h6 31.hxg5 hxg5 32.Qe6 Kg7 33.Qf5 Nh6 34.Rxh6 1-0

[Event "23rd EUR-ch"]
[Site "Vrnjacka Banja SRB"]
[Date "2023.03.13"]
[Round "11.131"]
[White "Sherman, Reem"]
[Black "Hagner, Bennet"]
[Result "1-0"]
[WhiteElo "2126"]
[BlackElo "2361"]
[EventDate "2023.03.03"]
[PlyCount "55"]

1.e4 e6 2.d4 d5 3.Nd2 c5 4.exd5 Qxd5 5.Ngf3 cxd4 6.Bc4 Qd7 7.O-O Nc6 8.Nb3
Nf6 9.Nbxd4 Nxd4 10.Qxd4 Qxd4 11.Nxd4 a6 12.a4 Bc5 13.Nb3 Bb6 14.Re1 Bd7 
15.Bf4 Rc8 16.Nd2 Bc6 17.a5 Ba7 18.Bb3 Ke7 19.Nc4 Bd5 20.Nd6 Rcd8 21.Nf5+ 
Kd7 22.Ba4+ Bc6 23.Rad1+ Nd5 24.Rxd5+ exd5 25.Re7+ Kc8 26.Bxc6 bxc6 27.
Rxa7 Rhe8 28.Ne7+ 1-0

[Event "23rd EUR-ch"]
[Site "Vrnjacka Banja SRB"]
[Date "2023.03.13"]
[Round "11.133"]
[White "Yonal, Timur"]
[Black "Tadic, Stefan"]
[Result "0-1"]
[WhiteElo "1859"]
[BlackElo "2353"]
[EventDate "2023.03.03"]
[PlyCount "76"]

1.e4 e5 2.Nf3 Nc6 3.Bb5 a6 4.Ba4 Bc5 5.O-O Nge7 6.c3 Ng6 7.d4 Ba7 8.d5 
Nce7 9.c4 O-O 10.d6 cxd6 11.Nc3 d5 12.Nxd5 d6 13.Nxe7+ Qxe7 14.Bc2 h6 15.
b3 b5 16.Bd3 Bb7 17.Qe2 b4 18.a3 a5 19.axb4 axb4 20.Bd2 Bc5 21.Rxa8 Rxa8 
22.Qe1 Nf4 23.Bxf4 exf4 24.Qe2 Ra3 25.Rb1 f5 26.exf5 Qxe2 27.Bxe2 Be4 28.
Re1 Ra2 29.Nh4 Bd4 30.Kf1 Bc3 31.Rd1 Bc2 32.Rc1 Bd2 33.Rxc2 Rxc2 34.Bd1 
Rb2 35.Ng6 Kf7 36.g4 fxg3 37.hxg3 Kf6 38.g4 h5 0-1

[Event "23rd EUR-ch"]
[Site "Vrnjacka Banja SRB"]
[Date "2023.03.13"]
[Round "11.134"]
[White "Toktomushev, Teimur"]
[Black "Braun, Christian"]
[Result "0-1"]
[WhiteElo "2255"]
[BlackElo "2449"]
[EventDate "2023.03.03"]
[PlyCount "52"]

1.d4 Nf6 2.c4 g6 3.Nc3 Bg7 4.e4 d6 5.f3 O-O 6.Be3 a6 7.Nge2 Nbd7 8.Qd2 b5 
9.h4 h5 10.Nf4 c6 11.a4 bxc4 12.Bxc4 d5 13.Ba2 e5 14.dxe5 Nxe5 15.exd5 
cxd5 16.Ncxd5 Rb8 17.b4 Nxd5 18.Bxd5 Qf6 19.O-O Qxh4 20.Rfe1 Bb7 21.Bd4 
Qg5 22.Bxb7 Rxb7 23.Qe3 Nxf3+ 24.Qxf3 Bxd4+ 25.Kf1 Bxa1 26.Nh3 Qf6 0-1